|
|
|
|
| LEADER |
00000nab a2200000 a 4500 |
| 001 |
vtls000891818 |
| 003 |
SK-MaSNL |
| 005 |
20260305014858.0 |
| 008 |
040720e19940000xo 0 slo |
| 035 |
|
|
|a KE857
|
| 040 |
|
|
|a KEVKJB
|b slo
|c KEVKJB
|e AACR2
|
| 041 |
0 |
|
|a slo
|
| 044 |
|
|
|a xo
|c SK
|
| 080 |
|
|
|a 362.44
|2 1981
|
| 080 |
|
|
|a 061.25
|2 1981
|
| 100 |
1 |
|
|a Balogová, Monika
|4 aut
|9 817894
|
| 245 |
1 |
0 |
|a Milí priatelia
|
| 600 |
1 |
7 |
|a Balogová, Monika
|2 KEVKJB
|9 817894
|
| 610 |
2 |
7 |
|a Slovenský zväz sluchovo postihnutých
|2 KEVKJB
|9 231784
|
| 650 |
0 |
7 |
|a bilancia činnosti
|2 KEVKJB
|9 873502
|
| 651 |
|
7 |
|a Košice (Slovensko)
|2 KEVKJB
|9 18694
|
| 773 |
0 |
8 |
|t Slovenský gong
|g Roč. 2
|g Roč. 28, č.1 (1994), s. 1
|
| 852 |
|
|
|a ZVYKNI
|b KIS3GCP
|
| 999 |
|
|
|c 3271896
|d 3273826
|